00242nam a2200097Ia 4500008004100000100001800041245002600059260003300085260000900118999001700127170620s9999 xx 000 0 und d aBest- John W. 0aResearch in Education bNew Delhi- Pearson Education c2007 c25042d25042